Score 0/12 Timer 01:30
2 Plays Today
% Correct
The Godfather
97.4%
Lord of the Rings
95.1%
Rocky
89.8%
Star Wars
81.8%
Hannibal Lecter
81%
Toy Story
80.6%
Mad Max
67%
Jaws
66.7%
Indiana Jones
65.2%
Exorcist
60.3%
Thin Man
44.3%
Airport
34.5%

Today's Daily Dose

Remove Ads.
Support Sporcle.
Get the best of Sporcle when you Go Orange. This ad-free experience offers more features, more stats, and more fun while also helping to support Sporcle. Thank you for becoming a member.

You're not logged in!

Compare scores with friends on all Sporcle quizzes.
OR
Log In

Show Comments

Extras

Top Quizzes Today


Score Distribution

Your Account Isn't Verified!

In order to create a playlist on Sporcle, you need to verify the email address you used during registration. Go to your Sporcle Settings to finish the process.

Report this User

Report this user for behavior that violates our Community Guidelines.

Details: